[Event "Quebec op"]
[Site "Montreal CAN"]
[Date "2011.07.30"]
[Round "9"]
[White "Carrier, Claude"]
[Black "Dumont, Felix"]
[Result "1-0"]
[WhiteElo "1985"]
[BlackElo "2007"]
[PlyCount "95"]
[GameId "2160767909649555"]
[EventDate "2011.07.23"]
[EventType "swiss"]
[EventRounds "9"]
[EventCountry "CAN"]
[SourceTitle "EXT 2022"]
[Source "ChessBase"]
[SourceDate "2021.10.06"]
[SourceVersion "1"]
[SourceVersionDate "2021.10.06"]
[SourceQuality "1"]

1. e4 c5 2. Nf3 d6 3. d4 cxd4 4. Nxd4 Nf6 5. Nc3 Nc6 6. f3 e5 7. Nb3 Be7 8. Be3 O-O 9. Qd2 Be6 10. Nd5 Bxd5 11. exd5 Nb8 12. Be2 Nbd7 13. c4 Nh5 14. O-O f5 15. f4 Nhf6 16. fxe5 Ne4 17. Qe1 dxe5 18. Bd3 Nb6 19. Bxe4 fxe4 20. Nd2 Rc8 21. Rxf8+ Bxf8 22. Qf1 Na4 23. b3 Bc5 24. Qf2 Qb6 25. Bxc5 Nxc5 26. Rf1 h6 27. Kh1 Qa5 28. Qf7+ Kh8 29. Qf5 Re8 30. Nxe4 Nxe4 31. Qxe4 Qxa2 32. b4 a5 33. bxa5 Qxa5 34. h3 Qc5 35. Qg6 Ra8 36. d6 e4 37. d7 Qxc4 38. Qe8+ Kh7 39. Re1 Qb4 40. Rd1 Qa4 41. Qh5 Rd8 42. Qf5+ Kh8 43. Rd6 Qa1+ 44. Kh2 e3 45. Re6 Qa4 46. Re7 e2 47. Qe5 Rg8 48. d8=Q 1-0

[Event "Quebec op"]
[Site "Montreal CAN"]
[Date "2011.07.30"]
[Round "9"]
[White "Chevalier, Francois"]
[Black "Beladel, Brahim"]
[Result "0-1"]
[WhiteElo "1699"]
[BlackElo "1693"]
[PlyCount "70"]
[GameId "2160767909649556"]
[EventDate "2011.07.23"]
[EventType "swiss"]
[EventRounds "9"]
[EventCountry "CAN"]
[SourceTitle "EXT 2022"]
[Source "ChessBase"]
[SourceDate "2021.10.06"]
[SourceVersion "1"]
[SourceVersionDate "2021.10.06"]
[SourceQuality "1"]

1. d4 Nf6 2. Nf3 g6 3. Nc3 d5 4. Bf4 c6 5. e3 Bg7 6. Be2 O-O 7. h4 Bg4 8. Ne5 Bxe2 9. Qxe2 Nbd7 10. O-O-O Nxe5 11. Bxe5 h5 12. f3 Nd7 13. Bxg7 Kxg7 14. g4 Rh8 15. e4 e6 16. g5 b5 17. Qd3 Nb6 18. f4 b4 19. Ne2 Nc4 20. Kb1 Qd7 21. Ng3 Rae8 22. Rde1 Nd6 23. Rhf1 dxe4 24. Nxe4 Nxe4 25. Qxe4 Rd8 26. Rc1 Qxd4 27. Qxc6 Rd6 28. Qf3 Rhd8 29. c3 Qb6 30. cxb4 Qxb4 31. Qc3+ Qxc3 32. Rxc3 Rd2 33. Rc2 R2d3 34. Rff2 Rh3 35. Rh2 Rd1+ 0-1

[Event "Quebec op"]
[Site "Montreal CAN"]
[Date "2011.07.30"]
[Round "9"]
[White "Gagnon, Serge"]
[Black "Le Duin, Thierry"]
[Result "1-0"]
[WhiteElo "1972"]
[BlackElo "1877"]
[PlyCount "103"]
[GameId "2160767909649558"]
[EventDate "2011.07.23"]
[EventType "swiss"]
[EventRounds "9"]
[EventCountry "CAN"]
[SourceTitle "EXT 2022"]
[Source "ChessBase"]
[SourceDate "2021.10.06"]
[SourceVersion "1"]
[SourceVersionDate "2021.10.06"]
[SourceQuality "1"]

1. Nf3 Nf6 2. c4 d6 3. Nc3 a6 4. e4 g6 5. d4 Bg7 6. Be2 O-O 7. O-O c5 8. dxc5 dxc5 9. Qxd8 Rxd8 10. Be3 Nbd7 11. Rad1 b6 12. Rd3 Re8 13. h3 Nf8 14. Rfd1 Be6 15. b3 h6 16. Nh2 N6d7 17. f4 Bxc3 18. Rxc3 Nf6 19. e5 Ne4 20. Rcd3 Ng3 21. Bf3 Rab8 22. Bf2 Nf5 23. g4 Ng7 24. Kg2 Rec8 25. Nf1 b5 26. Ne3 bxc4 27. bxc4 Rb4 28. Bd5 Ra4 29. R1d2 Rb8 30. Kf3 Bxd5+ 31. cxd5 e6 32. d6 Nd7 33. Nd1 g5 34. Be3 gxf4 35. Bxf4 h5 36. Nc3 hxg4+ 37. hxg4 Rc4 38. a3 Ne8 39. Ne4 Rb1 40. Rd1 Rb2 41. g5 a5 42. Nf6+ Nexf6 43. gxf6 Rb7 44. Rg1+ Kh8 45. Rg7 Rd4 46. Rc3 a4 47. Rxf7 Nxe5+ 48. Bxe5 Rxf7 49. Bxd4 cxd4 50. Rc8+ Kh7 51. Rc7 Kg6 52. Rxf7 1-0

[Event "Quebec op"]
[Site "Montreal CAN"]
[Date "2011.07.30"]
[Round "9"]
[White "Goldner, John"]
[Black "Bergeron, Rene"]
[Result "0-1"]
[WhiteElo "1683"]
[BlackElo "1587"]
[PlyCount "112"]
[GameId "2160767909649559"]
[EventDate "2011.07.23"]
[EventType "swiss"]
[EventRounds "9"]
[EventCountry "CAN"]
[SourceTitle "EXT 2022"]
[Source "ChessBase"]
[SourceDate "2021.10.06"]
[SourceVersion "1"]
[SourceVersionDate "2021.10.06"]
[SourceQuality "1"]

1. e4 c5 2. Nf3 d6 3. d4 cxd4 4. Nxd4 Nf6 5. Nc3 a6 6. Bg5 e6 7. f4 Be7 8. Qf3 h6 9. Bh4 Qb6 10. O-O-O Nxe4 11. Nxe4 Bxh4 12. Qg4 Nc6 13. Nxc6 Qe3+ 14. Nd2 Bf6 15. Nb4 Bd7 16. Qf3 Qb6 17. Qb3 Qc7 18. Ne4 Be7 19. Qc3 Qb6 20. Qd4 Qxd4 21. Rxd4 d5 22. Nxd5 exd5 23. Rxd5 Bc6 24. Rd4 Rd8 25. Rxd8+ Bxd8 26. Bd3 Bc7 27. f5 O-O 28. g3 Re8 29. Re1 Re5 30. g4 Ra5 31. Nc3 Bxh2 32. Re2 Bf4+ 33. Kb1 Re5 34. Rxe5 Bxe5 35. Ne4 g5 36. b3 h5 37. gxh5 g4 38. Ng5 g3 39. h6 g2 40. Nh3 Bh2 41. c4 Bf3 42. h7+ Kh8 43. Kb2 f6 44. b4 Bg4 45. Be4 Bxh3 46. Bxg2 Bxg2 47. Kc3 Be4 48. c5 Be5+ 49. Kc4 Bxf5 50. Kd5 Bb1 51. a4 Ba2+ 52. Ke4 Bb3 53. b5 axb5 54. axb5 Ba4 55. b6 Bc6+ 56. Kf5 Kxh7 0-1

[Event "Quebec op"]
[Site "Montreal CAN"]
[Date "2011.07.30"]
[Round "9"]
[White "He, Shao Hang"]
[Black "Gauthier, Denis"]
[Result "1/2-1/2"]
[WhiteElo "1546"]
[BlackElo "1996"]
[PlyCount "175"]
[GameId "2160767909649560"]
[EventDate "2011.07.23"]
[EventType "swiss"]
[EventRounds "9"]
[EventCountry "CAN"]
[SourceTitle "EXT 2022"]
[Source "ChessBase"]
[SourceDate "2021.10.06"]
[SourceVersion "1"]
[SourceVersionDate "2021.10.06"]
[SourceQuality "1"]

1. d4 Nf6 2. c4 e6 3. Nf3 Bb4+ 4. Nc3 O-O 5. Qc2 b6 6. Bg5 Bb7 7. e3 d6 8. Be2 Nbd7 9. O-O Bxc3 10. bxc3 c5 11. a4 Qc7 12. Rfd1 Rfe8 13. Rac1 Rac8 14. Qb3 Ne4 15. Bh4 h6 16. Nd2 Ndf6 17. f3 Nxd2 18. Rxd2 Nd7 19. e4 e5 20. d5 Nf8 21. Rb2 Rb8 22. Rcb1 Bc8 23. Qc2 Bd7 24. Ra2 g5 25. Bf2 Ng6 26. g3 Rf8 27. Be3 Kg7 28. Qd2 f5 29. Kg2 f4 30. Bf2 fxg3 31. hxg3 Rf6 32. Be3 Rbf8 33. Rh1 Qd8 34. Raa1 Nf4+ 35. Bxf4 gxf4 36. g4 Rg6 37. Kf2 Qe8 38. Qc2 Qe7 39. Rh2 Qd8 40. Rah1 Qe8 41. Ra1 Rg5 42. a5 Qg6 43. axb6 axb6 44. Rah1 Rh8 45. Rh5 Qf6 46. Qb2 Be8 47. R5h4 Qd8 48. Qa2 Qc7 49. Qa6 h5 50. Bd1 Kf6 51. Ba4 Bf7 52. Bc6 Rgg8 53. Rg1 hxg4 54. Rgxg4 Rxh4 55. Rxh4 Qd8 56. Qa7 Rg3 57. Qd7 Qxd7 58. Bxd7 Kg5 59. Rg4+ Rxg4 60. Bxg4 Be8 61. Bc8 Ba4 62. Ba6 Kh4 63. Kg2 Bd7 64. Bb7 Kg5 65. Ba6 Kf6 66. Kf2 Ke7 67. Kg2 Kd8 68. Kh2 Kc7 69. Bb5 Bc8 70. Kg2 Kb8 71. Kh2 Ka7 72. Kg2 Kb8 73. Kh2 Kc7 74. Kg2 Kd8 75. Kh2 Ke7 76. Kg2 Kf6 77. Kh2 Kg5 78. Kg2 Kh4 79. Kh2 Bh3 80. Ba6 Bf1 81. Bb5 Kg5 82. Ba6 Kf6 83. Bb5 Ke7 84. Ba6 Kd8 85. Bb5 Kc7 86. Ba6 Kb8 87. Bb5 Ka7 88. Kg1 1/2-1/2

[Event "Quebec op"]
[Site "Montreal CAN"]
[Date "2011.07.30"]
[Round "9"]
[White "Laurain, Guy1"]
[Black "Sasseville, Jean"]
[Result "1/2-1/2"]
[WhiteElo "2092"]
[BlackElo "1949"]
[PlyCount "74"]
[GameId "2160767909649565"]
[EventDate "2011.07.23"]
[EventType "swiss"]
[EventRounds "9"]
[EventCountry "CAN"]
[SourceTitle "EXT 2022"]
[Source "ChessBase"]
[SourceDate "2021.10.06"]
[SourceVersion "1"]
[SourceVersionDate "2021.10.06"]
[SourceQuality "1"]

1. e4 c6 2. d4 d5 3. Nc3 dxe4 4. Nxe4 Bf5 5. Ng3 Bg6 6. Nf3 Nd7 7. h4 h6 8. h5 Bh7 9. Bd3 Bxd3 10. Qxd3 e6 11. Bd2 Ngf6 12. O-O-O Be7 13. Qe2 O-O 14. Ne5 Qc7 15. Nxd7 Nxd7 16. Kb1 Rae8 17. Bc3 Nf6 18. Ne4 Nd5 19. Bd2 b5 20. c4 bxc4 21. Qxc4 Rb8 22. Rh3 f5 23. Nc3 Qb7 24. b3 Bf6 25. Nxd5 cxd5 26. Qd3 Qb6 27. Bc1 a5 28. Bb2 a4 29. Qe2 Kf7 30. g4 fxg4 31. Qxg4 axb3 32. Rxb3 Qd6 33. Qg3 Qxg3 34. fxg3 Rxb3 35. axb3 Rb8 36. Kc2 Rc8+ 37. Kd3 Rb8 1/2-1/2

[Event "Quebec op"]
[Site "Montreal CAN"]
[Date "2011.07.30"]
[Round "9"]
[White "Leitch, Darcy"]
[Black "Malveau, Cedric"]
[Result "1/2-1/2"]
[WhiteElo "1872"]
[BlackElo "2036"]
[PlyCount "54"]
[GameId "2160767909649566"]
[EventDate "2011.07.23"]
[EventType "swiss"]
[EventRounds "9"]
[EventCountry "CAN"]
[SourceTitle "EXT 2022"]
[Source "ChessBase"]
[SourceDate "2021.10.06"]
[SourceVersion "1"]
[SourceVersionDate "2021.10.06"]
[SourceQuality "1"]

1. d4 Nf6 2. c4 e6 3. Nf3 Bb4+ 4. Bd2 Qe7 5. g3 Nc6 6. Bg2 Bxd2+ 7. Nbxd2 d6 8. O-O O-O 9. e4 e5 10. d5 Nb8 11. Ne1 a5 12. Nd3 Ng4 13. h3 Nh6 14. Qe1 f5 15. f4 fxe4 16. Nxe4 exf4 17. Rxf4 Rxf4 18. Nxf4 Nd7 19. Qc3 Qe5 20. Re1 Qxc3 21. Nxc3 Ne5 22. Nb5 Bd7 23. Nd4 Nf5 24. Nxf5 Bxf5 25. c5 Kf7 26. cxd6 cxd6 27. Rc1 Rc8 1/2-1/2

[Event "Quebec op"]
[Site "Montreal CAN"]
[Date "2011.07.30"]
[Round "9"]
[White "Luksza, Arkadiusz"]
[Black "Libersan, Thierry"]
[Result "0-1"]
[WhiteElo "2197"]
[BlackElo "2141"]
[PlyCount "148"]
[GameId "2160767909649567"]
[EventDate "2011.07.23"]
[EventType "swiss"]
[EventRounds "9"]
[EventCountry "CAN"]
[SourceTitle "EXT 2022"]
[Source "ChessBase"]
[SourceDate "2021.10.06"]
[SourceVersion "1"]
[SourceVersionDate "2021.10.06"]
[SourceQuality "1"]

1. d4 d5 2. c4 e6 3. Nc3 Nf6 4. Nf3 c6 5. cxd5 exd5 6. Bg5 Be7 7. e3 O-O 8. Bd3 Nbd7 9. O-O Re8 10. h3 Nf8 11. Bxf6 Bxf6 12. b4 a5 13. a3 axb4 14. axb4 Rxa1 15. Qxa1 Ne6 16. Rc1 g6 17. Na4 b5 18. Nc5 Nxc5 19. Rxc5 Bd7 20. Qb2 Be7 21. Rc1 Bd6 22. Ra1 Qf6 23. Be2 Qe7 24. Ra7 f6 25. Ne1 Bb8 26. Ra1 Qd6 27. Nf3 Qe7 28. Ne1 Qd6 29. Nf3 Qe7 30. Bd3 Bd6 31. Rb1 Ra8 32. Bc2 Kg7 33. Ne1 Ra6 34. Nd3 Bf5 35. Nc5 Bxc2 36. Nxa6 Bxb1 37. Qxb1 Qa7 38. Qa2 Kf8 39. e4 Qxd4 40. Qb1 Qxe4 41. Qc1 d4 42. Nc5 Bxc5 43. Qxc5+ Kg7 44. Qa7+ Kh6 45. Qa1 Qd5 46. Qc1+ Kg7 47. Qf4 Qe5 48. Qd2 g5 49. g3 c5 50. bxc5 Qxc5 51. h4 Qc3 52. Qe2 Qc5 53. hxg5 fxg5 54. Qe6 b4 55. Qd7+ Kf6 56. Qd8+ Kf5 57. Qd7+ Ke5 58. Qg7+ Kd6 59. Qf6+ Kc7 60. Qf7+ Kb6 61. Qe6+ Ka5 62. Qa2+ Kb5 63. Qe2+ Qc4 64. Qe8+ Qc6 65. Qe2+ Kb6 66. Qe5 Qc1+ 67. Kh2 Qd2 68. Kg2 d3 69. Qe6+ Kb5 70. Qd5+ Ka4 71. Qc4 Ka3 72. Qa6+ Kb2 73. Qa4 g4 74. Qe8 Qc3 0-1

[Event "Quebec op"]
[Site "Montreal CAN"]
[Date "2011.07.30"]
[Round "9"]
[White "Plante, Michel"]
[Black "Yun, Chang"]
[Result "1-0"]
[WhiteElo "2066"]
[BlackElo "1881"]
[PlyCount "93"]
[GameId "2160767909649570"]
[EventDate "2011.07.23"]
[EventType "swiss"]
[EventRounds "9"]
[EventCountry "CAN"]
[SourceTitle "EXT 2022"]
[Source "ChessBase"]
[SourceDate "2021.10.06"]
[SourceVersion "1"]
[SourceVersionDate "2021.10.06"]
[SourceQuality "1"]

1. d4 d6 2. e4 Nf6 3. Nc3 g6 4. Bg5 Bg7 5. e5 dxe5 6. dxe5 Qxd1+ 7. Rxd1 Ng8 8. Nf3 c6 9. h3 Bf5 10. Bd3 Bxd3 11. cxd3 f6 12. Bf4 fxe5 13. Bxe5 Bxe5 14. Nxe5 Nd7 15. d4 e6 16. O-O Ngf6 17. Rfe1 Nxe5 18. dxe5 Nd5 19. Ne4 Rf8 20. Ng5 Ke7 21. Nxh7 Rf5 22. Rd4 Rh5 23. Nf6 Nxf6 24. exf6+ Kxf6 25. Rd6 Re8 26. Rd7 Re7 27. Rxe7 Kxe7 28. Kh2 Rc5 29. Re2 b5 30. Kg3 b4 31. Kf4 Kf6 32. Ke4 Rd5 33. f4 a5 34. Rc2 a4 35. g4 c5 36. h4 Rd4+ 37. Ke3 Rd5 38. b3 a3 39. Rh2 Rd1 40. Rc2 Rd5 41. Rh2 Rd1 42. g5+ Kf5 43. h5 gxh5 44. Rxh5 Ra1 45. Rh6 Rxa2 46. Kf3 Ra1 47. Rf6# 1-0

[Event "Quebec op"]
[Site "Montreal CAN"]
[Date "2011.07.30"]
[Round "9"]
[White "Sarrazin-Gendron, Roman"]
[Black "Lebeau, Gilbert"]
[Result "1-0"]
[WhiteElo "1968"]
[BlackElo "2052"]
[PlyCount "117"]
[GameId "2160767909649573"]
[EventDate "2011.07.23"]
[EventType "swiss"]
[EventRounds "9"]
[EventCountry "CAN"]
[SourceTitle "EXT 2022"]
[Source "ChessBase"]
[SourceDate "2021.10.06"]
[SourceVersion "1"]
[SourceVersionDate "2021.10.06"]
[SourceQuality "1"]

1. Nf3 Nf6 2. c4 c6 3. g3 d5 4. b3 g6 5. Bg2 Bg7 6. Bb2 Qd6 7. Bd4 c5 8. Bc3 d4 9. Bb2 Nc6 10. O-O O-O 11. Re1 e5 12. e4 Qc7 13. d3 Bg4 14. Nbd2 Qd7 15. Qc2 a5 16. a4 Rae8 17. Rad1 Nh5 18. Qb1 Bh3 19. Bc1 Nf4 20. Bxh3 Qxh3 21. gxf4 exf4 22. Kh1 Ne5 23. Ng1 Qh5 24. f3 g5 25. Qc2 g4 26. fxg4 Nxg4 27. Ndf3 Ne3 28. Bxe3 fxe3 29. Qg2 f5 30. exf5 Rxf5 31. Rf1 Ref8 32. h3 Kh8 33. Nh2 Rf2 34. Rxf2 Rxf2 35. Qg4 Qxg4 36. Nxg4 Rb2 37. Re1 Rd2 38. Nxe3 Rxd3 39. Nf5 Bf8 40. Rf1 Kg8 41. Rf3 Rd2 42. h4 Rd1 43. Kg2 Re1 44. Kf2 Re6 45. Nh3 h6 46. Nf4 Rf6 47. Nd5 Re6 48. h5 Ra6 49. Rf4 Re6 50. Re4 Rxe4 51. Nf6+ Kf7 52. Nxe4 Ke6 53. Nxh6 Bxh6 54. Nxc5+ Ke5 55. Nxb7 d3 56. Ke1 Kd4 57. Nxa5 Kc3 58. Kd1 Kb4 59. Nc6+ 1-0

[Event "Quebec op"]
[Site "Montreal CAN"]
[Date "2011.07.30"]
[Round "9"]
[White "Trottier, Emile"]
[Black "Lepine, Cedric"]
[Result "1/2-1/2"]
[WhiteElo "2032"]
[BlackElo "1938"]
[PlyCount "22"]
[GameId "2160767909649574"]
[EventDate "2011.07.23"]
[EventType "swiss"]
[EventRounds "9"]
[EventCountry "CAN"]
[SourceTitle "EXT 2022"]
[Source "ChessBase"]
[SourceDate "2021.10.06"]
[SourceVersion "1"]
[SourceVersionDate "2021.10.06"]
[SourceQuality "1"]

1. e4 Nf6 2. e5 Nd5 3. d4 d6 4. Nf3 g6 5. Bc4 Nb6 6. Bb3 Bg7 7. O-O O-O 8. c3 Nc6 9. exd6 cxd6 10. Bg5 h6 11. Be3 Na5 1/2-1/2

[Event "Quebec op"]
[Site "Montreal CAN"]
[Date "2011.07.30"]
[Round "9"]
[White "Zhang, Zhiyuan"]
[Black "Cvetkovic, Simeon"]
[Result "1/2-1/2"]
[WhiteElo "2046"]
[BlackElo "2067"]
[PlyCount "133"]
[GameId "2160767909649577"]
[EventDate "2011.07.23"]
[EventType "swiss"]
[EventRounds "9"]
[EventCountry "CAN"]
[SourceTitle "EXT 2022"]
[Source "ChessBase"]
[SourceDate "2021.10.06"]
[SourceVersion "1"]
[SourceVersionDate "2021.10.06"]
[SourceQuality "1"]

1. e4 c5 2. Nf3 d6 3. Bb5+ Bd7 4. Bxd7+ Qxd7 5. c4 Nc6 6. Nc3 g6 7. d4 cxd4 8. Nxd4 Bg7 9. Nde2 Nf6 10. f3 O-O 11. Be3 Ne5 12. b3 h5 13. Rc1 Rfe8 14. O-O Rec8 15. Qd2 Qd8 16. Nd4 Qa5 17. Rfd1 Ned7 18. Nde2 a6 19. Nd5 Qd8 20. Qb4 Nxd5 21. Rxd5 b6 22. Rdd1 Rab8 23. a4 Nc5 24. Qa3 Ne6 25. b4 Qe8 26. Nf4 Nxf4 27. Bxf4 Rb7 28. Be3 Rbb8 29. Rc2 Rb7 30. Qb3 Rcb8 31. Ra2 Qc8 32. Qd3 Rc7 33. Rc2 Qd7 34. Qb3 Rcb7 35. b5 Ra8 36. Rdd2 Qc7 37. Qd3 a5 38. Qe2 Qc8 39. Qf2 Rab8 40. Rd3 Rc7 41. Rd1 Rxc4 42. Rdc1 Rc5 43. Bxc5 dxc5 44. Qd2 Qe6 45. Rc4 Rb7 46. Qd8+ Kh7 47. Qd5 Qxd5 48. exd5 Rd7 49. Re4 Bf6 50. Rd1 Kg7 51. Kf1 e6 52. d6 Bd4 53. h3 Rxd6 54. g4 hxg4 55. hxg4 f5 56. gxf5 gxf5 57. Rh4 e5 58. Ke2 Rg6 59. Rdh1 c4 60. Rh7+ Kf6 61. R1h6 Rxh6 62. Rxh6+ Kg5 63. Rh7 Kf6 64. Rh6+ Kg5 65. Rh7 Kg6 66. Rh4 Kg5 67. Rh7 1/2-1/2

[Event "Quebec op U1700"]
[Site "Montreal CAN"]
[Date "2011.07.29"]
[Round "8"]
[White "Couture, Gerard"]
[Black "Dardoura, Khaled"]
[Result "0-1"]
[WhiteElo "1590"]
[BlackElo "1528"]
[PlyCount "44"]
[GameId "2160767909706923"]
[EventDate "2011.07.23"]
[EventType "swiss"]
[EventRounds "9"]
[EventCountry "CAN"]

1. b3 d5 2. Bb2 Nf6 3. e3 Bf5 4. d3 e6 5. Nd2 c6 6. Ngf3 Nbd7 7. Be2 Bd6 8. Nh4 Bg6 9. Nxg6 hxg6 10. Qc1 Qc7 11. f4 Bc5 12. Nf3 Qb6 13. d4 Be7 14. Nd2 Nh5 15. Kf2 O-O-O 16. Nf3 Rh7 17. Ng5 Bxg5 18. fxg5 Rdh8 19. c4 Qc7 20. cxd5 cxd5 21. Qd2 Ng3 22. h3 Ne4+ 0-1

[Event "Quebec op U1700"]
[Site "Montreal CAN"]
[Date "2011.07.29"]
[Round "8"]
[White "Shi, Yang Tian Jiao (Sky"]
[Black "Plante, Marc-Eric"]
[Result "1-0"]
[WhiteElo "1495"]
[BlackElo "1639"]
[PlyCount "131"]
[GameId "2160767909706924"]
[EventDate "2011.07.23"]
[EventType "swiss"]
[EventRounds "9"]
[EventCountry "CAN"]

1. d4 Nf6 2. c4 e6 3. Nc3 Bb4 4. a3 Bxc3+ 5. bxc3 Ne4 6. Qc2 f5 7. e3 b6 8. f3 Qh4+ 9. g3 Nxg3 10. Qf2 f4 11. Ne2 Nf5 12. e4 Qxf2+ 13. Kxf2 Nh4 14. Nxf4 Rf8 15. Be2 Bb7 16. Rg1 g6 17. Rg4 Rf7 18. Nd3 g5 19. Ne5 h6 20. Nxf7 Kxf7 21. f4 h5 22. Rxg5 Bxe4 23. Rxh5 Nf5 24. Bf3 Nd6 25. c5 Bxf3 26. Kxf3 bxc5 27. Rxc5 c6 28. Rg5 Na6 29. Ra2 Rh8 30. Rag2 Nf5 31. Ke2 Nc7 32. Kd3 Rh3+ 33. Ke2 Nd5 34. c4 Nxd4+ 35. Kf1 Rf3+ 36. Rf2 Ne3+ 37. Bxe3 Rxe3 38. Ra5 Rc3 39. Rxa7 Ke7 40. Ra4 Nc2 41. h4 Ne3+ 42. Ke2 Nxc4 43. Rf3 Rc1 44. h5 Nd6 45. Rh3 Rc2+ 46. Kd1 Rg2 47. h6 Rg8 48. h7 Rh8 49. Ra8 Rxa8 50. h8=Q Rxh8 51. Rxh8 Nc4 52. Rh3 Kf6 53. Rc3 Nb6 54. Rb3 Nd5 55. a4 Nc7 56. Rb7 Na6 57. Rxd7 Kf5 58. Rd6 Nc5 59. a5 Na4 60. Rxc6 e5 61. fxe5 Kxe5 62. a6 Kd5 63. Rc2 Kd6 64. a7 Nb6 65. Rb2 Na8 66. Rb8 1-0

[Event "Quebec op U1700"]
[Site "Montreal CAN"]
[Date "2011.07.29"]
[Round "8"]
[White "Yu, Zong Yang"]
[Black "Girard, Sylvain"]
[Result "1-0"]
[WhiteElo "1632"]
[BlackElo "1618"]
[PlyCount "57"]
[GameId "2160767909706925"]
[EventDate "2011.07.23"]
[EventType "swiss"]
[EventRounds "9"]
[EventCountry "CAN"]

1. d4 Nf6 2. c4 g6 3. Nc3 d5 4. cxd5 Nxd5 5. e4 Nxc3 6. bxc3 c5 7. Bb5+ Bd7 8. Bxd7+ Qxd7 9. Nf3 Bg7 10. Be3 O-O 11. O-O cxd4 12. cxd4 Nc6 13. Rb1 e6 14. Qb3 Na5 15. Qb4 b6 16. Rbc1 Rac8 17. Ne5 Qb7 18. f3 Rfd8 19. Rfd1 Bf8 20. Qd2 Bg7 21. Qe2 Rxc1 22. Rxc1 Rc8 23. Rxc8+ Qxc8 24. Qb5 f6 25. Ng4 Kf7 26. Kf2 Ke7 27. Kg3 Qc4 28. Qb2 b5 29. Qa3+ 1-0

[Event "Quebec op U2000"]
[Site "Montreal CAN"]
[Date "2011.07.23"]
[Round "1"]
[White "Libersan, Mattieu"]
[Black "Guo, Forest"]
[Result "0-1"]
[WhiteElo "1784"]
[BlackElo "1978"]
[PlyCount "64"]
[GameId "2160767909706926"]
[EventDate "2011.07.23"]
[EventType "swiss"]
[EventRounds "9"]
[EventCountry "CAN"]

1. e4 c5 2. Nf3 d6 3. d4 cxd4 4. Nxd4 Nf6 5. Nc3 a6 6. Bc4 b5 7. Bb3 e6 8. O-O Be7 9. f4 Bb7 10. f5 e5 11. Nde2 O-O 12. Ng3 Nbd7 13. Bg5 b4 14. Bxf6 Nxf6 15. Nd5 Nxd5 16. Bxd5 Qb6+ 17. Kh1 Bxd5 18. Qxd5 Rac8 19. f6 Bxf6 20. Nf5 Qc6 21. Nh6+ gxh6 22. Rxf6 Qxd5 23. exd5 Rfd8 24. Raf1 Rxc2 25. Rxf7 Rxb2 26. Rb7 Rf8 27. Rc1 Rf7 28. Rb6 e4 29. Rxa6 e3 30. Ra8+ Rf8 31. Ra6 e2 32. Kg1 Rd2 0-1

[Event "Quebec op U2000"]
[Site "Montreal CAN"]
[Date "2011.07.23"]
[Round "1"]
[White "Lopez Linares, Lizandro"]
[Black "Ouellet-Lahaie, Didier"]
[Result "1-0"]
[WhiteElo "1979"]
[BlackElo "1790"]
[PlyCount "51"]
[GameId "2160767909706927"]
[EventDate "2011.07.23"]
[EventType "swiss"]
[EventRounds "9"]
[EventCountry "CAN"]

1. d4 Nf6 2. c4 g6 3. Nc3 d5 4. cxd5 Nxd5 5. e4 Nxc3 6. bxc3 Bg7 7. Nf3 O-O 8. Rb1 c5 9. Be2 Nc6 10. d5 Bxc3+ 11. Bd2 Bxd2+ 12. Qxd2 Nd4 13. Nxd4 cxd4 14. Qxd4 Qa5+ 15. Qd2 Qxd2+ 16. Kxd2 Rd8 17. Ke3 b6 18. Rhc1 Bd7 19. Rc7 Kf8 20. Rb4 Ke8 21. Ba6 e6 22. d6 e5 23. f4 f6 24. fxe5 fxe5 25. Rb1 b5 26. Rc5 1-0

[Event "Quebec op U2000"]
[Site "Montreal CAN"]
[Date "2011.07.24"]
[Round "2"]
[White "Germain, Max"]
[Black "Blais, Georges"]
[Result "0-1"]
[WhiteElo "1428"]
[BlackElo "1513"]
[PlyCount "60"]
[GameId "2160767909706928"]
[EventDate "2011.07.23"]
[EventType "swiss"]
[EventRounds "9"]
[EventCountry "CAN"]

1. Nf3 d5 2. d4 Nf6 3. c4 c6 4. b3 Bf5 5. Nc3 h6 6. e3 e6 7. Bd3 Ne4 8. Bxe4 dxe4 9. Nd2 Bb4 10. Bb2 Nd7 11. Qc2 Nf6 12. h3 O-O 13. g4 Bh7 14. O-O-O Bxc3 15. Qxc3 b5 16. c5 a5 17. a3 Nd5 18. Qc2 Qf6 19. Nb1 Qf3 20. Rde1 f5 21. Qe2 fxg4 22. Qxf3 Rxf3 23. Re2 Rxh3 24. Rg1 h5 25. Nd2 Rf8 26. Rg2 Bf5 27. Re1 h4 28. Nf1 Rf6 29. Nh2 g3 30. Nf1 Rh1 0-1

[Event "Quebec op U2000"]
[Site "Montreal CAN"]
[Date "2011.07.24"]
[Round "3"]
[White "Blais, Georges"]
[Black "Johnson, Nicholas"]
[Result "1-0"]
[WhiteElo "1513"]
[BlackElo "1666"]
[PlyCount "83"]
[GameId "2160767909706929"]
[EventDate "2011.07.23"]
[EventType "swiss"]
[EventRounds "9"]
[EventCountry "CAN"]

1. d4 e6 2. Nf3 c5 3. c3 Nc6 4. Bf4 d5 5. e3 Bd7 6. Nbd2 Nf6 7. Bd3 Be7 8. h3 c4 9. Bc2 b5 10. a3 a5 11. e4 b4 12. axb4 axb4 13. Rxa8 Qxa8 14. Qb1 b3 15. Bd1 Qa2 16. e5 Ne4 17. O-O O-O 18. Be2 Nxd2 19. Nxd2 Ra8 20. Bf3 f6 21. exf6 Bxf6 22. Be3 Be8 23. Re1 Bg6 24. Qc1 Kf7 25. Nxc4 Ra4 26. Nd2 Na5 27. Be2 Nc4 28. Nxc4 dxc4 29. Bf4 Be7 30. Bg4 Ba3 31. Bxe6+ Kf8 32. Bd7 Bxb2 33. Bd6+ Kg8 34. Qf4 Ra8 35. Be6+ Kh8 36. Bxc4 Bxc3 37. Re7 Qa1+ 38. Kh2 b2 39. Be5 Rg8 40. Bxg7+ Rxg7 41. Qf8+ Rg8 42. Qxg8# 1-0

[Event "Quebec-ch Elite"]
[Site "Montreal CAN"]
[Date "2011.10.07"]
[Round "1"]
[White "Auger, Bertrand"]
[Black "Drolet, Stephane"]
[Result "1-0"]
[WhiteElo "1949"]
[BlackElo "2187"]
[PlyCount "75"]
[GameId "2160767909648082"]
[EventDate "2011.10.07"]
[EventType "swiss"]
[EventRounds "7"]
[EventCountry "CAN"]
[SourceTitle "EXT 2022"]
[Source "ChessBase"]
[SourceDate "2021.10.06"]
[SourceVersion "1"]
[SourceVersionDate "2021.10.06"]
[SourceQuality "1"]

1. Nf3 c5 2. c4 Nc6 3. Nc3 g6 4. g3 Bg7 5. Bg2 a6 6. O-O e5 7. d3 Nge7 8. Rb1 O-O 9. a3 f5 10. Ne1 d6 11. Nc2 Rb8 12. Ne3 b5 13. Ned5 b4 14. axb4 cxb4 15. Nxe7+ Nxe7 16. Nd5 Nxd5 17. Bxd5+ Kh8 18. Be3 Qe7 19. Qd2 f4 20. gxf4 Bh3 21. Bg2 Bxg2 22. Kxg2 e4 23. dxe4 Qxe4+ 24. f3 Qxc4 25. Rfc1 Qe6 26. Bd4 Rf5 27. Rc7 Rg8 28. Rbc1 Bf6 29. b3 a5 30. Kh1 Qxb3 31. Ra7 Rf8 32. Rcc7 Qg8 33. Qb2 Qe6 34. Rxh7+ Kg8 35. Rag7+ Bxg7 36. Rxg7+ Kh8 37. Re7+ Qf6 38. Bxf6+ 1-0

[Event "Quebec-ch Elite"]
[Site "Montreal CAN"]
[Date "2011.10.07"]
[Round "1"]
[White "Chabot, Roland"]
[Black "Cote-Lalumiere, Tristan"]
[Result "1/2-1/2"]
[WhiteElo "2155"]
[BlackElo "1894"]
[PlyCount "42"]
[GameId "2160767909648084"]
[EventDate "2011.10.07"]
[EventType "swiss"]
[EventRounds "7"]
[EventCountry "CAN"]
[SourceTitle "EXT 2022"]
[Source "ChessBase"]
[SourceDate "2021.10.06"]
[SourceVersion "1"]
[SourceVersionDate "2021.10.06"]
[SourceQuality "1"]

1. d4 Nf6 2. c4 c5 3. d5 b5 4. cxb5 a6 5. b6 d6 6. Nc3 Nbd7 7. e4 g6 8. Nf3 Bg7 9. a4 Qxb6 10. Nd2 O-O 11. a5 Qc7 12. Be2 e6 13. O-O exd5 14. exd5 Re8 15. f3 Ne5 16. f4 Neg4 17. Nc4 Nh6 18. Nb6 Rb8 19. Nxc8 Qxc8 20. Qd3 Nfg4 21. Qxa6 Bd4+ 1/2-1/2